| 000 | 00588nam a2200181 i 4500 | ||
|---|---|---|---|
| 001 | 20372 | ||
| 003 | ES-MaACL | ||
| 005 | 20230906152304.0 | ||
| 007 | t| | ||
| 008 | 021112s1955 sp |||| | spa d | ||
| 100 | 1 |
_aAguilar Rodríguez, Isidro. _918748 |
|
| 245 | 1 | 0 |
_aActa salmanticensia _b: estudio médico del flúor / _cIsidro Aguilar Rodríguez. |
| 260 |
_aSalamanca : _bUniversidad de Salamanca, _c1955 ( _eMadrid : _fYagües) |
||
| 300 |
_a80 p., 17 lám. ; _c23 cm. |
||
| 595 | _aSeparata de: Medicina, t. II, n. 3. | ||
| 650 | 4 |
_aFlúor. _9149339 |
|
| 852 |
_aES-MaACL _j1972-F-2 |
||
| 999 |
_c20372 _d20372 |
||